Nazareth Pacheco (Record no. 1550)

MARC details
000 -LEADER
campo de control de longitud fija 00408nam a2200133 4500
008 - DATOS DE LONGITUD FIJA--INFORMACIÓN GENERAL
campo de control de longitud fija 708 P116n
082 ## - NÚMERO DE LA CLASIFICACIÓN DECIMAL DEWEY
Número de clasificación 708
Número de ítem P116n
100 ## - ENTRADA PRINCIPAL--NOMBRE DE PERSONA
Nombre de persona Pacheco, Nazareth
9 (RLIN) 6523
245 ## - MENCIÓN DEL TÍTULO
Título Nazareth Pacheco
260 ## - PUBLICACIÓN, DISTRIBUCIÓN, ETC.
Lugar de publicación, distribución, etc. São Paulo
Nombre del editor, distribuidor, etc. Galeria Brito Cimino
Fecha de publicación, distribución, etc. 2003
300 ## - DESCRIPCIÓN FÍSICA
Extensión 96 p.
Otras características físicas ill (col)
Dimensiones 26 x 20 cm
650 ## - PUNTO DE ACCESO ADICIONAL DE MATERIA--TÉRMINO DE MATERIA
Subdivisión general arte contemporáneo
-- arte - exhibiciones
-- Brasil
-- artistas - mujeres
9 (RLIN) 6524
700 ## - ENTRADA AGREGADA--NOMBRE PERSONAL
Nombre de persona Chnaiderman, Miriam
9 (RLIN) 6525
Holdings
Estatus retirado Estado de pérdida Fuente del sistema de clasificación o colocación Estado de daño No para préstamo Biblioteca de origen Biblioteca actual Ubicación en estantería Fecha de adquisición Total de préstamos Signatura topográfica completa Código de barras Visto por última vez Precio de reemplazo Tipo de ítem Koha
    Clasificación Decimal Dewey     Biblioteca LadoV Biblioteca LadoV   14/07/2018   708 P116n 000921 14/07/2018 14/07/2018 Material 01